The lord of the rings
To protect a magic ring, Frodo, the hobbit, must undertake a long and dangerous journey
Sparad:
| Huvudupphovsman: | |
|---|---|
| Materialtyp: | Bok |
| Språk: | Undetermined |
| Publicerad: |
New York
BBC Enterprises LTD
1987
|
| Ämnen: | |
| Taggar: |
Lägg till en tagg
Inga taggar, Lägg till första taggen!
|
| Thư viện lưu trữ: | Trung tâm Học liệu Trường Đại học Cần Thơ |
|---|
| LEADER | 00734nam a2200205Ia 4500 | ||
|---|---|---|---|
| 001 | CTU_171329 | ||
| 008 | 210402s9999 xx 000 0 und d | ||
| 082 | |a 823.912 | ||
| 082 | |b T649/P.3 | ||
| 100 | |a Tolkien, J.R.R | ||
| 245 | 4 | |a The lord of the rings | |
| 245 | 0 | |c J.R.R. TolKien | |
| 260 | |a New York | ||
| 260 | |b BBC Enterprises LTD | ||
| 260 | |c 1987 | ||
| 520 | |a To protect a magic ring, Frodo, the hobbit, must undertake a long and dangerous journey | ||
| 650 | |a Tiểu thuyết viễn tưởng Anh,Fantasy fiction, English,Wizards,Magicians,Phù Thủy,Pháp sư | ||
| 650 | |x Drama,Drama,Phim,Phim | ||
| 904 | |i Phỉ, Hồng Cẩm, Năm | ||
| 980 | |a Trung tâm Học liệu Trường Đại học Cần Thơ | ||